History of english literature: From earliest times to 1916 (Record no. 32078)

MARC details
000 -LEADER
fixed length control field 00317nam a2200109Ia 4500
082 ## - DEWEY DECIMAL CLASSIFICATION NUMBER
Classification number 082
Item number COM
100 ## - MAIN ENTRY--AUTHOR NAME
Personal name Compton-Rickett, Arthur
245 #0 - TITLE STATEMENT
Title History of english literature: From earliest times to 1916
260 ## - PUBLICATION, DISTRIBUTION, ETC. (IMPRINT)
Place of publication Delhi
Name of publisher Universal Book Stall
Year of publication 1978
942 ## - ADDED ENTRY ELEMENTS (KOHA)
Koha item type Books
Holdings
Withdrawn status Lost status Damaged status Not for loan Home library Current library Date acquired Cost, normal purchase price Full call number Accession Number Koha item type
        RRII Library RRII Library 16/12/2021 35.00 082 COM 12604 Books